00000000cam 2200000zi 4500
0019.957532
003CaOODSP
00520260603104923
006m     o  d f      
007cr cn|||||||||
008251121e202511##onc     o    f000 0 eng d
020 |a9780660798493
040 |aCaOODSP|beng|erda|cCaOODSP
043 |an-cn---
0861 |aT94-109/2025E-PDF
24500|aBuild Canada Homes portal guidance.
24617|aPortal guidance — November 2025
264 1|aOttawa, Ontario : |bGovernment of Canada = Gouvernement du Canada, |cNovember 2025.
264 4|c©2025
300 |a1 online resource (8 pages)
336 |atext|btxt|2rdacontent
337 |acomputer|bc|2rdamedia
338 |aonline resource|bcr|2rdacarrier
500 |aCover title.
500 |aIssued also in French under title: Maisons Canada guide du portail.
520 |a"With your Build Canada Homes Portal Account within the Build Canada Homes Portal, you can submit a proposal using the Affordable, Supportive and Transitional Housing Form. The Build Canada Homes Portal is the place to access your organization’s dashboard, proposal submissions, and online resources"--page 5.
650 5|aHousing|zCanada|xFinance.
650 0|aHousing|zCanada|xPlanning.
7101 |aCanada. |bHousing, Infrastructure and Communities Canada, |eissuing body.
77508|tMaisons Canada guide du portail.|w(CaOODSP)9.957533
85640|qPDF|s329 KB|uhttps://publications.gc.ca/collections/collection_2026/licc-hicc/T94-109-2025-eng.pdf
8564 |qHTML|sN/A|uhttps://housing-infrastructure.canada.ca/bch-mc/resources-ressources/portal-guide-portail-eng.html